| 000 | 00845cam a2200265 a 4500 | ||
|---|---|---|---|
| 001 | 27477 | ||
| 003 | BD-RjUL | ||
| 005 | 20211209051147.0 | ||
| 008 | 140325s19631961cau b 001 0 eng d | ||
| 035 | _a(BD-RjUL)27551 | ||
| 040 |
_aDLC _cDLC _dBD-RjUL _beng |
||
| 041 | _aeng | ||
| 082 |
_a297.1977095491 _bBIR 1963 |
||
| 100 | 1 |
_aBinder, Leonard. _953774 |
|
| 245 | 1 | 0 |
_aReligion and politics in Pakistan / _cby Leonard Binder. |
| 260 |
_aBerkeley : _bUniversity of California, _c1961 [2nd. Printing 1963]. |
||
| 300 |
_axviii, 440 p. ; _c23 cm. |
||
| 504 | _aIncludes bibliographical references and index. | ||
| 650 | 0 |
_aIslam and politics _zPakistan. _984415 |
|
| 650 | 0 |
_aIslam and state _zPakistan. _982074 |
|
| 651 | 0 |
_aPakistan _xPolitics and government. _984416 |
|
| 942 |
_2ddc _cBK |
||
| 999 |
_c27477 _d27477 |
||